Miraculous transformations and detransformations phrases - Statistics

General Stats
  • This quiz has been taken 189 times
  • The average score is 18 of 39
Answer Stats
Hint Answer % Correct
Tikki... Spots on
99%
Plagg... Claws out
97%
Tikki... Spots off
91%
Plagg... Claws in
88%
Nooroo... Dark wings rise
84%
Trixx... Let's pounce
83%
Wayzz... Shell on
76%
Duusu... Spread my feathers
73%
Pollen... Buzz on
71%
Nooroo... Dark wings fall
68%
Sass... Scales slither
64%
Wayzz... Shell off
64%
Pollen... Buzz off
61%
Trixx... Let's rest
61%
Fluff... Clockwise
55%
Mullo... Get squeaky
54%
Kaalki... Full gallop
50%
Xuppu... show time
47%
Longg... Bring the storm
45%
Barkk... On the hunt
43%
Fluff... Counterclockwise
38%
Daizzi... Rejoice
33%
Orikko... Sunrise
31%
Sass... Scales rest
29%
Roarr... Stripes on
29%
Ziggy... Bleat it
26%
Liiri... Wings of liberty
25%
Roarr... Stripes off
24%
Orikko... Sunset
24%
Duusu... Hold my feathers
19%
Barkk... Lay down
18%
Stompp... Make way
18%
Kaalki... Dismount
15%
Daizzi... Calmdown
13%
Longg... Open sky
13%
Xuppu... Nap time
12%
Mullo... Unsqueak
11%
Ziggy... Hush it
10%
Stompp... Way back
10%
No matching quizzes found
Score Distribution
Percent of People with Each Score
Percentile by Number Answered
Your Score History
You have not taken this quiz